Normale Ansicht MARC-Ansicht ISBD

Drei Stunden hinter Berlin: (Titelsatznr. 79753)

[ MARC ]
MARC-Details
000 -Satzkennung
Kontrollfeld mit fester Länge 00582nam a2200205 4500
001 - Kontrollnummer
Kontrollfeld 19530
003 - Kontrollnummer Identifier
Kontrollfeld OSt
005 - Datum und Zeit der letzten Transaktion
Kontrollfeld 20250701112729.0
007 - Feld mit fester Länge zur physischen Beschreibung - Allgemeine Information
Kontrollfeld mit fester Länge tu
008 - Feld mit fester Länge zur physischen Beschreibung - Allgemeine Angaben
Kontrollfeld mit fester Länge 171130s1967||||||| ger
040 ## - Katalogisierungsquelle
Original-Katalogisierungsstelle DE-2950
Übertragungsstelle DE-2950
100 1# - Haupteintragung - Personenname
Personenname Seidel, Heinrich Wolfgang
245 00 - Titel
Titel Drei Stunden hinter Berlin:
Zusatz zum Titel Briefe aus dem Vikariat /
Verfasserangabe etc. Heinrich Wolfgang Seidel; hrsg. und mit einem Nachwort versehen von Ina Seidel
250 ## - Ausgabebezeichnung
Ausgabebezeichnung 4. Aufl.
264 ## - Produktion, Veröffentlichung, Distribution, Herstellung und Urheberrechtsvermerk
Herstellungs-, Veröffentlichungs- Vertriebs-, Erzeugungsort Göttingen:
Produzent, Herausgeber, Distributor, Hersteller Vandenhoeck & Ruprecht,
Datum der Herstellung, der Veröffentlichung, des Vertriebs oder des Urheberschutzvermerks 1967
300 ## - Physische Beschreibung
Umfang 346 S.
365 ## - Handelspreis
Währungscode
546 ## - Fußnote zur Sprache
Sprache deutsch
942 ## - Zusätzliche Felder (Koha)
Klassifikation oder Aufstellungssystematik Andere/Generische Klassifikation
Koha-Medientyp Bücher
Exemplare
Ausgeschieden Verloren Klassifikation oder Aufstellungssystematik Beschädigt Nicht entleihbar Heimatbibliothek Aufenthaltsbibliothek Erwerbungsdatum Kodierter Standort-Qualifier Anzahl Ausleihen Signatur Letzte Aktivität Exemplarnummer Preis gültig von Koha-Medientyp
    Andere/Generische Klassifikation     Stadtarchiv Frankfurt (Oder) | Archivbibliothek Stadtarchiv Frankfurt (Oder) | Archivbibliothek 25/11/2020 M   II: 5149 25/11/2020 68/2025 25/11/2020 Bücher